[Event "Tourn. n9808"]
[Site "www.echecsemail.com"]
[Date "2018.07.03"]
[Round "1"]
[White "Ditto"]
[Black "Cristiano"]
[WhiteElo "1850"]
[BlackElo "1820"]
[Result "0-1"]
[Round "1"]
1.e4 e5
2.Ng1f3 Nb8c6
3.Bf1b5 d6
4.d3 Ng8f6
5.Bc1g5 Bf8e7
6.c3 O-O
7.Bb5c4 a6
8.Bg5e3 Bc8g4
9.Nb1d2 Ra8b8
10.b4 d5
11.Bc4b3 d4
12.cxd4 exd4
13.Be3f4 Be7xb4
14.O-O b5
15.Qd1c2 Bb4c3
16.Ra1b1 Nc6b4
17.Qc2d1 Nb4xd3
18.Bf4g3 Kh8
19.Bb3c2 Nd3b2
20.Qd1e2 d3
21.Bc2xd3 Nb2xd3
22.Qe2e3 Bg4xf3
23.Nd2xf3 Qd8d7
24.Rb1d1 Rf8d8
25.e5 Nf6h5
26.Bg3h4 f6
27.e6 Qd7d6
28.e7 Rd8e8
29.Rd1xd3 Qd6b4
30.Rd3xc3 Re8xe7
31.Qe3c1 Rb8c8
32.Rc3b3 Qb4a5
33.Qc1c5 Qa5xa2
34.Rb3a3 Qa2f7
35.Ra3xa6 g5
36.Bh4g3 Nh5xg3
37.fxg3 g4
38.Nf3d4 Re7e5
39.Qc5b4 f5
40.Nd4xb5 Qf7d5
41.Nb5c3 Qd5d2
42.Qb4b7 Qd2d4
43.Kh1 Rc8e8
44.Qb7b2 Re5e2
45.Qb2a1 Re2e3
46.Nc3b5 Qd4xa1
47.Ra6xa1 c6
48.Nb5d6 Re8b8
49.Nd6xf5 Re3e4
50.Ra1c1 Rb8b6
51.Rf1d1 h5
{ resign }
0-1

[Event "Tourn. n9862"]
[Site "www.echecsemail.com"]
[Date "2018.07.03"]
[Round "1"]
[White "Rons"]
[Black "Coolant"]
[WhiteElo "2640"]
[BlackElo "2390"]
[Result "1/2-1/2"]
[Round "1"]
1.e4 Nb8c6
2.Ng1f3 e5
3.Bf1b5 f5
4.Bb5xc6 dxc6
5.Nb1c3 Ng8f6
6.Qd1e2 fxe4
7.Nc3xe4 Bc8g4
8.h3 Bg4xf3
9.Qe2xf3 Nf6xe4
10.Qf3xe4 Qd8d5
11.d3 Bf8c5
12.Bc1e3 Qd5xe4
13.dxe4 Bc5xe3
14.fxe3 Ke7
15.Kd2 Ra8d8
16.Kc3 Rh8f8
17.Rh1f1 Rf8xf1
18.Ra1xf1 Rd8d6
{ draw }
1/2-1/2

[Event "Match"]
[Site "www.echecsemail.com"]
[Date "2018.07.03"]
[Round "1"]
[White "Gidgud"]
[Black "Obisporey"]
[WhiteElo "2329"]
[BlackElo "2570"]
[Result "1-0"]
[Round "1"]
1.e4 d6
2.d4 Ng8f6
3.Nb1c3 g6
4.f3 c6
5.Bc1e3 b5
6.a3 Nb8d7
7.Qd1d2 a6
8.O-O-O Bc8b7
9.Be3h6 Qd8c7
10.Bh6xf8 Kxf8
11.Qd2h6 Kg8
12.h4 a5
13.Qh6e3 b4
14.Nc3b1 c5
15.Bf1b5 cxd4
16.Rd1xd4 e5
17.Rd4c4 Nd7b6
18.Rc4xc7 { resign }
1-0

[Event "Tourn. n9824"]
[Site "www.echecsemail.com"]
[Date "2018.07.03"]
[Round "1"]
[White "Guidom"]
[Black "Falcoale"]
[WhiteElo "2090"]
[BlackElo "1980"]
[Result "0-1"]
[Round "1"]
1.e4 c5
2.f4 e6
3.Ng1f3 Nb8c6
4.d3 d5
5.exd5 exd5
6.Bf1e2 Bf8d6
7.O-O Ng8f6
8.h3 O-O
9.Nb1c3 a6
10.Bc1d2 Nf6h5
11.Nf3h2 Nh5g3
12.Rf1f3 Ng3xe2
13.Nc3xe2 Qd8b6
14.Kh1 f5
15.b3 Qb6c7
16.Bd2c3 d4
17.Bc3d2 b6
18.a3 Bc8b7
19.Rf3f1 Nc6e7
20.Nh2f3 Ne7d5
21.Nf3g5 Ra8e8
22.c4 Nd5e3
23.Bd2xe3 Re8xe3
24.b4 Qc7e7
25.Ra1a2 b5
26.bxc5 Bd6xc5
27.Kh2 h6
28.Ng5f3 Rf8e8
29.Nf3e5 Bc5d6
30.Ne2xd4 Re3xe5
31.Nd4xf5 Re5xf5
32.Qd1g4 Rf5f6
33.cxb5 axb5
34.g3 Bb7d5
35.Ra2b2 Bd5e6
36.f5 Be6d7
37.h4 Qe7e5
38.Rb2f2 Re8f8
39.d4 Qe5e3
40.Rf2f3 Qe3e2
41.Rf1f2 Qe2c4
42.Qg4e4 Bd7c6
43.Qe4d3 Bc6xf3
{ resign }
0-1

[Event "Tourn. n9801"]
[Site "www.echecsemail.com"]
[Date "2018.07.03"]
[Round "1"]
[White "Fabos12"]
[Black "Tonino1"]
[WhiteElo "1870"]
[BlackElo "1950"]
[Result "0-1"]
[Round "1"]
1.d4 Ng8f6
2.c4 g6
3.Ng1f3 Bf8g7
4.Nb1c3 O-O
5.e4 d6
6.h3 e5
7.dxe5 dxe5
8.Qd1c2 Qd8e7
9.Bc1g5 c6
10.O-O-O Bc8e6
11.Bf1e2 Nb8d7
12.Rd1d2 h6
13.Bg5xf6 Qe7xf6
14.Rh1d1 Qf6e7
15.a3 a5
16.Qc2a4 Nd7c5
17.Qa4c2 a4
18.Kb1 Nc5b3
19.Rd2d6 Nb3d4
20.Rd6xd4 exd4
21.Nf3xd4 Rf8d8
22.Nd4xe6 Qe7xe6
23.f4 Bg7xc3
24.bxc3 Rd8xd1
25.Be2xd1 Qe6xc4
26.Bd1e2 Qc4c5
27.Be2d3 Qc5xa3
28.e5 Qa3b3
29.Qc2xb3 axb3
30.Bd3e4 Ra8a4
31.Be4f3 Ra4xf4
32.Kb2 Rf4xf3
33.gxf3 g5
34.Kxb3 Kf8
35.Kc4 b6
36.Kd4 Ke7
37.Ke4 Ke6
38.c4 b5
39.cxb5 cxb5
40.Kd4 { time. }
0-1

[Event "1/64 Finale"]
[Site "www.chess-mail.com"]
[Date "2018.07.03"]
[Round "1"]
[White "Gandalf50"]
[Black "Mitja"]
[WhiteElo "2000"]
[BlackElo "2030"]
[Result "1-0"]
[Round "1"]
1.c4 d5
2.cxd5 Qd8xd5
3.Nb1c3 Qd5d8
4.d4 e6
5.e4 c6
6.Ng1f3 h6
7.Bc1e3 Bf8b4
8.Bf1d3 Qd8b6
9.d5 Bb4xc3
10.bxc3 Qb6c7
11.O-O Ng8f6
12.dxe6 Bc8xe6
13.Nf3d4 Be6d7
14.h3 O-O
15.f4 Qc7c8
16.Kh2 Nb8a6
17.Bd3xa6 bxa6
18.Qd1f3 Qc8c7
19.e5 Nf6d5
20.c4 Nd5b6
21.Ra1c1 Ra8e8
22.Rf1d1 Nb6c8
23.Nd4b3 Nc8e7
24.Be3c5 f6
25.exf6 Rf8xf6
26.g3 Ne7g6
27.Qf3d3 Qc7c8
28.Qd3xd7 Re8e2
29.Kg1 Qc8xd7
30.Rd1xd7 Re2xa2
31.Rd7xa7 Rf6f7
32.Ra7xf7 Kxf7
33.Nb3d4 Ng6e7
34.Bc5xe7 Kxe7
35.Nd4xc6 Kd6
36.Nc6e5 Ra2a5
37.Kf2 Ra5a3
38.c5 Kc7
39.c6 { resign }
1-0

[Event "Fast Game"]
[Site "www.echecsemail.com"]
[Date "2018.07.03"]
[Round "1"]
[White "Cal"]
[Black "Alekpax"]
[WhiteElo "1630"]
[BlackElo "1759"]
[Result "0-1"]
[Round "1"]
1.d4 d5
2.h3 c5
3.dxc5 e6
4.b4 a5
5.Bc1d2 axb4
6.Bd2xb4 Nb8c6
7.e3 Nc6xb4
8.Bf1b5 Bc8d7
9.c4 Bd7xb5
10.cxb5 Qd8f6
11.Nb1d2 Qf6xa1
12.Qd1xa1 Nb4c2
13.Ke2 Nc2xa1
14.Ng1f3 Ra8xa2
 { time }
0-1

[Event "Tourn. n9781"]
[Site "www.chess-mail.com"]
[Date "2018.07.04"]
[Round "1"]
[White "Urbe69"]
[Black "Gvladutz"]
[WhiteElo "2230"]
[BlackElo "2550"]
[Result "1-0"]
[Round "1"]
1.d4 Ng8f6
2.Bc1f4 e6
3.Ng1f3 Bf8e7
4.e3 Nf6h5
5.Bf4g3 O-O
6.Bf1e2 b6
7.c4 Bc8b7
8.Nb1c3 d6
9.Qd1c2 g6
10.O-O-O c5
11.d5 e5
12.Nf3d2 f5
13.f4 exf4
14.exf4 Nh5xg3
15.hxg3 Bb7c8
16.Be2d3 Nb8a6
17.a3 h5
18.g4 hxg4
19.Rh1h6 Kf7
20.Rh6h7 Kg8
21.Rd1h1 Be7f6
22.Rh7h6 Kf7
23.Nd2e4 Rf8g8
24.Ne4xf6 Qd8xf6
25.Nc3b5 Bc8d7
26.Rh6h7 Rg8g7
27.Nb5xd6 Kf8
28.g3 Qf6xd6
29.Rh7xg7 Kxg7
30.Qc2c3 Kf7
31.Rh1h7 Ke8
32.Qc3h8 Qd6f8
33.Qh8xf8 Kxf8
34.Rh7h8 Ke7
35.Rh8xa8 Na6c7
36.Ra8xa7 Nc7e8
37.b4 Ne8f6
38.Ra7b7 Nf6h5
39.Rb7xb6 Nh5xg3
40.Kd2 Ng3h5
41.bxc5 Nh5xf4
42.c6 Bd7c8
43.a4 g3
44.Bd3f1 Kd6
45.Ke3 Kc7
46.a5 g2
47.Bf1xg2 Nf4xg2
48.Kd4 Ng2e1
49.c5 Ne1f3
50.Ke3 Nf3e5
51.d6 Kd8
52.Kd4 Ne5xc6
53.Rb6xc6 Bc8b7
54.Rc6b6 Bb7f3
55.c6 Bf3xc6
56.Rb6xc6 { resign }
1-0

[Event "Tourn. n9784"]
[Site "www.chess-mail.com"]
[Date "2018.07.04"]
[Round "1"]
[White "Louis"]
[Black "Osopanda"]
[WhiteElo "1990"]
[BlackElo "1850"]
[Result "1-0"]
[Round "1"]
1.d4 d5
2.c4 c6
3.Ng1f3 Ng8f6
4.Nb1c3 dxc4
5.a4 Bc8f5
6.e3 e6
7.Bf1xc4 Bf8b4
8.O-O O-O
9.Nf3h4 Bf5g4
10.f3 Bg4h5
11.g4 Bh5g6
12.e4 Nb8d7
13.Nh4xg6 hxg6
14.g5 Nf6h5
15.f4 Nd7b6
16.Bc4b3 Qd8e7
17.Bc1e3 f5
18.gxf6 gxf6
19.Qd1g4 Kf7
20.f5 Rf8g8
21.Bb3xe6 Kf8
22.Be6xg8 Kxg8
23.Qg4xg6 Nh5g7
24.Be3h6 Qe7f7
25.Rf1f2 Qf7xg6
26.fxg6 Bb4xc3
27.bxc3 Nb6c4
28.Bh6xg7 Kxg7
29.Rf2g2 Ra8e8
30.h4 Re8xe4
31.h5 Re4h4
32.Rg2h2 Rh4xh2
33.Kxh2 Nc4d2
34.Kh3 Nd2e4
35.Ra1c1 f5
36.Rc1f1 Ne4g5
37.Kh4 Ng5e4
38.Rf1xf5 Ne4xc3
39.Rf5f7 Kg8
40.Rf7xb7 Nc3xa4
41.Rb7xa7 Na4b6
42.h6 { resign }
1-0

[Event "Match"]
[Site "www.echecsemail.com"]
[Date "2018.07.04"]
[Round "1"]
[White "Dougbeer"]
[Black "Joskomol"]
[WhiteElo "1979"]
[BlackElo "1989"]
[Result "1-0"]
[Round "1"]
1.e4 c5
2.c3 Ng8f6
3.e5 Nf6d5
4.d4 cxd4
5.Ng1f3 d6
6.cxd4 dxe5
7.Nf3xe5 e6
8.Bf1c4 Nb8c6
9.O-O { resign }
1-0

[Event "Match"]
[Site "www.echecsemail.com"]
[Date "2018.07.04"]
[Round "1"]
[White "Trusivka"]
[Black "Bjonil60"]
[WhiteElo "1540"]
[BlackElo "1510"]
[Result "0-1"]
[Round "1"]
1.Ng1f3 Nb8c6
2.e3 e6
3.Nf3d4 Nc6xd4
4.exd4 c6
5.d3 Ng8f6
6.c3 d6
7.Bf1e2 Qd8e7
8.Bc1d2 d5
9.Bd2e3 Bc8d7
 { time }
0-1

[Event "Tourn. n9836"]
[Site "www.echecsemail.com"]
[Date "2018.07.04"]
[Round "1"]
[White "Piekki"]
[Black "Sbb"]
[WhiteElo "2210"]
[BlackElo "2710"]
[Result "0-1"]
[Round "1"]
1.e4 e5
2.Ng1f3 Ng8f6
3.Nf3xe5 d6
4.Ne5f3 Nf6xe4
5.d4 d5
6.Bf1d3 Nb8c6
7.O-O Bf8e7
8.Nb1c3 Ne4xc3
9.bxc3 Bc8g4
10.Rf1e1 O-O
11.h3 Bg4h5
12.g4 Bh5g6
13.Nf3e5 Nc6xe5
14.dxe5 c6
15.Bd3f5 Rf8e8
16.Qd1f3 Be7g5
17.e6 fxe6
18.Re1xe6 Re8xe6
19.Bf5xe6 Kh8
20.Bc1a3 Bg6xc2
21.Ra1e1 Bg5d2
22.Re1e2 Bc2d1
{ resign }
0-1

[Event "Match"]
[Site "www.echecsemail.com"]
[Date "2018.07.04"]
[Round "1"]
[White "Trusivka"]
[Black "Whitekknight"]
[WhiteElo "1590"]
[BlackElo "1880"]
[Result "0-1"]
[Round "1"]
1.e4 e5
2.Ng1f3 Nb8c6
3.Bf1b5 Ng8f6
4.Qd1e2 a6
5.Bb5a4 b5
6.b3 bxa4
7.bxa4 Bc8b7
 { time }
0-1

[Event "Match"]
[Site "www.echecsemail.com"]
[Date "2018.07.04"]
[Round "1"]
[White "Alekpax"]
[Black "Hundegana"]
[WhiteElo "1499"]
[BlackElo "2100"]
[Result "1-0"]
[Round "1"]
1.e4 c5
2.c4 d6
3.f4 Nb8c6
4.Nb1c3 Nc6d4
5.Ng1f3 Bc8g4
6.Bf1e2 Bg4xf3
7.Be2xf3 g6
8.Qd1a4 Qd8d7
9.Qa4xd7 Kxd7
10.Bf3d1 Ng8f6
11.Ra1b1 Bf8h6
12.d3 a6
13.b4 b6
14.g4 Bh6f8
15.bxc5 bxc5
16.e5 dxe5
17.fxe5 Nf6e8
18.Nc3d5 Ra8a7
19.Bd1a4 Nd4c6
20.Rb1b6 e6
21.Rb6xc6 Kd8
22.Bc1g5 Bf8e7
23.Nd5xe7 Ra7xe7
24.O-O h6
25.Rf1b1 hxg5
26.Rb1b8 Kd7
27.Rc6xc5 
1-0

[Event "Tourn. n9879"]
[Site "www.echecsemail.com"]
[Date "2018.07.04"]
[Round "1"]
[White "Fantomas"]
[Black "Ffdd65"]
[WhiteElo "2160"]
[BlackElo "2180"]
[Result "0-1"]
[Round "1"]
1.e4 e5
2.Ng1f3 d6
3.Nb1c3 a6
4.d4 exd4
5.Nf3xd4 Ng8f6
6.Bf1d3 g6
7.h3 Bf8g7
8.Bc1g5 h6
9.Bg5e3 Bc8d7
10.O-O Nb8c6
11.Nd4f3 Bd7e6
12.a3 Qd8d7
13.Qd1d2 g5
14.Nf3h2 Nc6e5
15.Bd3e2 Ne5c4
16.Be2xc4 Be6xc4
17.Ra1d1 Bc4xf1
{ resign }
0-1

[Event "Match"]
[Site "www.echecsemail.com"]
[Date "2018.07.04"]
[Round "1"]
[White "Alessiov"]
[Black "Chapi"]
[WhiteElo "1569"]
[BlackElo "2180"]
[Result "1-0"]
[Round "1"]
1.e4 c5
2.Nb1c3 Nb8c6
3.g3 g6
4.f4 d6
5.d3 Bf8g7
6.Ng1f3 Bc8g4
7.Bf1g2 Nc6d4
8.Nc3d5 Ng8f6
9.Nd5xf6 Bg7xf6
10.O-O O-O
11.a4 Qd8a5
12.Ra1a3 Rf8c8
13.c3 Nd4e6
14.h3 Bg4xf3
15.Qd1xf3 b5
16.axb5 Qa5xb5
17.e5 dxe5
18.fxe5 Bf6xe5
19.Qf3xf7 Kh8
20.Qf7xe6 Be5xg3
21.Qe6xe7 Ra8b8
22.Qe7f6 Kg8
23.Bg2d5 
1-0

[Event "Match"]
[Site "www.echecsemail.com"]
[Date "2018.07.04"]
[Round "1"]
[White "Silverking"]
[Black "Dalwhite"]
[WhiteElo "2199"]
[BlackElo "1959"]
[Result "1-0"]
[Round "1"]
1.d4 d5
2.e3 Ng8f6
3.Ng1e2 Bc8f5
4.Nb1d2 Qd8d6
5.h3 g6
6.Nd2b3 b6
7.Bc1d2 c5
8.a3 Nb8d7
9.Ne2g3 c4
10.Bd2b4 Qd6c7
11.Ng3xf5 cxb3
12.cxb3 gxf5
13.Bf1a6 Bf8h6
14.Ra1c1 Qc7d8
15.Qd1c2 Nf6e4
16.Rh1f1 Ne4d6
17.Bb4xd6 exd6
18.Qc2xf5 Qd8g5
19.Qf5xg5 Bh6xg5
20.f4 Bg5h4
21.Ke2 O-O
22.Rc1c7 Nd7f6
23.Rf1c1 Rf8e8
24.Rc1g1 Bh4g3
25.Kf3 Nf6e4
26.Ba6b7 Ra8b8
27.Bb7xd5 Re8c8
28.Rg1c1 Rc8xc7
29.Rc1xc7 Ne4f6
30.Bd5xf7 Kf8
31.Kxg3 a5
32.Kf3 Kg7
33.e4 b5
34.e5 dxe5
35.fxe5 Nf6g8
36.Bf7xg8 Kxg8
37.Ke4 h6
38.e6 Kf8
39.d5 a4
40.d6 Rb8e8
41.Kd5 b4
42.bxa4 Re8a8
43.Rc7f7 Kg8
44.d7 Ra8d8
45.Rf7f3 Kg7
46.Kd6 { resign }
1-0

[Event "Match"]
[Site "www.echecsemail.com"]
[Date "2018.07.04"]
[Round "1"]
[White "Cathar"]
[Black "Jesmantiz"]
[WhiteElo "2169"]
[BlackElo "2210"]
[Result "1-0"]
[Round "1"]
1.e4 c6
2.d4 g6
3.Nb1c3 Bf8g7
4.Bc1e3 d6
5.Qd1d2 h6
6.a4 e6
7.Ng1f3 Ng8e7
8.Bf1d3 Nb8d7
9.O-O g5
10.Nf3e1 Ne7g6
11.g3 O-O
12.Ne1g2 e5
13.d5 c5
14.f4 exf4
15.gxf4 gxf4
16.Ng2xf4  { time }
1-0

[Event "Match"]
[Site "www.echecsemail.com"]
[Date "2018.07.04"]
[Round "1"]
[White "Jackbauer"]
[Black "Dussek"]
[WhiteElo "1830"]
[BlackElo "1730"]
[Result "0-1"]
[Round "1"]
1.e4 c6
2.f4 Ng8f6
3.d3 d6
4.Ng1f3 Bc8g4
5.Nb1c3 Nb8d7
6.Bf1e2 e5
7.fxe5 Nd7xe5
8.O-O Bf8e7
9.a3 O-O
10.Kh1 Ne5xf3
11.Be2xf3 Qd8d7
12.Bc1f4 Bg4e6
13.b4 Ra8c8
14.d4 d5
15.e5 Nf6e8
16.Nc3e2 f6
17.Ne2g3 Ne8c7
18.Qd1d2 Nc7b5
19.a4 Nb5c7
20.c3 Be6g4
21.Ra1e1 Nc7e6
22.Bf3xg4 fxe5
23.Bf4xe5 Rf8xf1
24.Ng3xf1 Be7g5
25.Qd2d3 Rc8f8
26.Nf1g3 Rf8f2
27.Kg1 Rf2d2
28.Qd3f1 Qd7f7
29.Ng3f5 g6
30.Nf5g3 Qf7xf1
31.Re1xf1 Bg5e3
32.Kh1 Ne6g5
33.Rf1e1 Be3f2
34.Re1e2 Rd2d1
{ resign }
0-1

[Event "Match"]
[Site "www.echecsemail.com"]
[Date "2018.07.04"]
[Round "1"]
[White "Joskomol"]
[Black "Bojan"]
[WhiteElo "1959"]
[BlackElo "2050"]
[Result "0-1"]
[Round "1"]
1.e4 e5
2.Ng1f3 Ng8f6
3.Nf3xe5 Qd8e7
4.d4 Nf6xe4
5.Bf1d3 Ne4f6
6.O-O d6
7.Ne5f3 Bc8e6
8.Rf1e1 d5
{ resign }
0-1

[Event "Match"]
[Site "www.echecsemail.com"]
[Date "2018.07.04"]
[Round "1"]
[White "Gilliere"]
[Black "Irene"]
[WhiteElo "2040"]
[BlackElo "2010"]
[Result "1-0"]
[Round "1"]
1.e4 c5
2.Ng1f3 Ng8f6
3.e5 Nf6d5
4.Nb1c3 e6
5.Nc3xd5 exd5
6.Bf1e2 Nb8c6
7.O-O Qd8e7
8.Rf1e1 g6
9.Be2b5 a6
10.Bb5xc6 dxc6
11.b3 Bf8g7
12.Bc1b2 O-O
13.Ra1b1 Bc8g4
14.h3 Bg4f5
15.d3 Qe7d7
16.Nf3h4 Bf5xh3
17.gxh3 Qd7xh3
18.Nh4g2 d4
19.Bb2c1 Ra8e8
20.Bc1f4 Re8e7
21.Re1e2 Rf8e8
22.Qd1e1 g5
23.Bf4h2 f6
24.e6 Qh3g4
25.Re2e4 Qg4h3
26.Qe1e2 Re7xe6
27.Rb1e1 Re6xe4
28.dxe4 f5
29.e5 f4
30.f3 Re8xe5
31.Qe2f2 b5
32.Re1xe5 Bg7xe5
33.Qf2e2 Qh3f5
34.Qe2e4 Qf5xe4
35.fxe4 Kf7
36.Kf2 c4
37.bxc4 bxc4
38.Ng2e1 c3
39.Kf3 Kg6
40.Ne1d3 Be5c7
41.Bh2g1 Bc7b6
42.Nd3e5 Kf6
43.Ne5xc6 h5
44.Bg1xd4 Bb6xd4
45.Nc6xd4 Ke5
46.Nd4e2 g4
47.Kf2 Kxe4
48.Ne2xc3 Ke5
49.Nc3e2  { time }
1-0

[Event "Match"]
[Site "www.echecsemail.com"]
[Date "2018.07.04"]
[Round "1"]
[White "Joskomol"]
[Black "Fantomas"]
[WhiteElo "1959"]
[BlackElo "2140"]
[Result "1-0"]
[Round "1"]
1.e4 c6
2.d4 d5
3.Nb1c3 dxe4
4.Nc3xe4 h6
5.c4 e6
6.Ng1f3 Ng8f6
7.Ne4xf6 Qd8xf6
8.Bc1d2 Bf8d6
9.Bf1d3 O-O
10.Qd1e2 Bc8d7
11.O-O-O a6
12.Bd3c2 b6
13.Kb1 b5
14.g4 Bd6f4
15.Qe2e4 { resign }
1-0

[Event "Match"]
[Site "www.echecsemail.com"]
[Date "2018.07.04"]
[Round "1"]
[White "Gimmyg"]
[Black "Ketchuplover"]
[WhiteElo "2520"]
[BlackElo "1950"]
[Result "1/2-1/2"]
[Round "1"]
1.g3 c6
2.Bf1g2 d5
3.d3 e5
4.Ng1f3 Bf8d6
5.c4 Ng8f6
6.Nb1c3 d4
7.Nc3b1 a5
8.e3 O-O
9.O-O Bc8g4
10.exd4 exd4
11.Rf1e1 Rf8e8
12.Nb1d2 Nb8a6
13.Re1xe8 Nf6xe8
14.Nd2e4 Bd6e7
15.Qd1e2 Na6c5
16.Ne4xc5 Be7xc5
17.h3 Bg4h5
18.Qe2e5 Bh5xf3
19.Bg2xf3 Qd8d6
20.Qe5xd6 Bc5xd6
21.a3 h6
22.Bc1d2 Bd6c7
23.Ra1e1 Kf8
24.b4 Ne8f6
25.b5 cxb5
26.Bf3xb7 Ra8b8
27.Bb7a6 bxc4
28.Ba6xc4 Rb8b2
29.Re1e2 Kg8
30.a4 Bc7d6
31.Kf1 Rb2b1
32.Re2e1 Rb1xe1
33.Kxe1 Bd6c7
34.Ke2 Nf6d7
35.Bd2c1 Nd7b6
36.Bc4b3 Nb6d7
37.Bc1b2 Nd7c5
38.Bb3d5 Nc5xa4
39.Bb2xd4 Na4b6
40.Bd5c6 f6
41.Bd4c3 Nb6c8
42.Bc6d7 Nc8d6
43.Bd7e6 Kf8
{ draw }
1/2-1/2

[Event "Tourn. n9836"]
[Site "www.echecsemail.com"]
[Date "2018.07.04"]
[Round "1"]
[White "Sbb"]
[Black "Szustan"]
[WhiteElo "2720"]
[BlackElo "2620"]
[Result "1/2-1/2"]
[Round "1"]
1.Ng1f3 Nb8c6
2.d4 d5
3.g3 Bc8f5
4.Bf1g2 e6
5.O-O Ng8f6
6.c4 Bf8e7
7.cxd5 exd5
8.Nb1c3 O-O
9.Nf3e5 Ra8b8
10.Bc1f4 Rf8e8
11.Ra1c1 Be7d6
12.Nc3xd5 Nf6xd5
13.Bg2xd5 Nc6xe5
14.Bf4xe5 Bd6xe5
15.dxe5 c6
16.e4 cxd5
17.exf5 Re8xe5
18.Qd1d4 Re5xf5
19.Qd4xa7 h5
20.Qa7d4 h4
21.Rf1e1 hxg3
22.hxg3 Qd8d7
23.Kg2 Rb8d8
{ draw }
1/2-1/2

[Event "Match"]
[Site "www.echecsemail.com"]
[Date "2018.07.04"]
[Round "1"]
[White "Azocarfreund"]
[Black "Irene"]
[WhiteElo "1750"]
[BlackElo "2010"]
[Result "1-0"]
[Round "1"]
1.b3 d5
2.Bc1b2 c5
3.g3 b6
4.Bf1g2 Bc8b7
5.e3 Qd8d6
6.f4 Nb8c6
7.Nb1c3 Ng8f6
8.Nc3b5 Qd6d7
9.Bg2h3 e6
10.Bb2xf6 gxf6
11.Ng1f3 Bb7a6
12.Nb5c3 d4
13.exd4 Nc6xd4
14.d3 Ba6b7
15.O-O Nd4xf3
16.Rf1xf3 Bb7xf3
17.Qd1xf3 Ra8d8
18.Ra1e1 Qd7d4
19.Re1e3 Qd4xc3
20.Qf3c6 Rd8d7
21.Bh3xe6 fxe6
22.Re3xe6 Bf8e7
23.Qc6c8 Rd7d8
24.Qc8c6 Kf7
25.f5 Qc3d4
26.Kf1 Qd4d5
27.Qc6c7 Qd5d7
28.Qc7f4 h6
29.Qf4c4 Qd7d5
30.Qc4a6 Qd5xf5
31.Kg2 Qf5xe6
32.Kf2 Qe6f5
33.Ke2 Rh8e8
34.Kd2 Be7d6
35.Qa6xa7 Rd8d7
36.Qa7xb6 Qf5f2
37.Kc1 Re8e1
38.Kb2  { time }
1-0

[Event "Tourn. n9859"]
[Site "www.echecsemail.com"]
[Date "2018.07.04"]
[Round "1"]
[White "Tarasch"]
[Black "Bojan"]
[WhiteElo "2130"]
[BlackElo "2050"]
[Result "1-0"]
[Round "1"]
1.d4 g6
2.c4 e6
3.Nb1c3 c6
4.Ng1f3 d5
5.e3 b6
6.cxd5 cxd5
7.Bf1d3 Qd8c7
8.O-O a6
9.Bc1d2 f6
10.Ra1c1 Qc7d7
11.Qd1b3 b5
12.Nc3xb5 Ng8e7
13.Nb5c7 Kf7
14.Nc7xa8 Ne7c6
15.Na8b6 Qd7c7
16.Nb6xc8 Qc7xc8
17.Qb3b6 Bf8d6
18.Bd3xa6 Nb8xa6
19.Rc1xc6 { resign }
1-0

[Event "Tourn. n9859"]
[Site "www.echecsemail.com"]
[Date "2018.07.04"]
[Round "1"]
[White "Bojan"]
[Black "Amaya"]
[WhiteElo "2040"]
[BlackElo "2140"]
[Result "1-0"]
[Round "1"]
1.e4 e6
2.d4 d5
3.exd5 exd5
4.c4 dxc4
5.Bf1xc4 c5
6.d5 Bf8d6
7.Nb1c3 Ng8f6
8.Ng1f3 O-O
9.O-O Bc8g4
10.Qd1d3 Qd8c7
11.h3 Bg4h5
12.Bc1g5 Bh5g6
13.Qd3d2 Nf6e4
14.Nc3xe4 Bg6xe4
15.Nf3h4 Nb8d7
16.f3 Be4g6
17.Nh4xg6 fxg6
18.Ra1e1 Bd6f4
19.d6 Kh8
20.Bg5xf4 Qc7d8
21.Bf4g5 Qd8b6
22.Bg5e7 Rf8f4
23.Qd2xf4 Qb6xb2
24.Bc4e6 Nd7f6
25.d7 Nf6h5
26.Qf4f7 Nh5f6
27.d8Q { resign }
1-0

[Event "Tourn. n9870"]
[Site "www.echecsemail.com"]
[Date "2018.07.04"]
[Round "1"]
[White "Alekpax"]
[Black "Apdash"]
[WhiteElo "1859"]
[BlackElo "1810"]
[Result "1-0"]
[Round "1"]
1.e4 e5
2.f4 Nb8c6
3.Ng1f3 exf4
4.d4 d5
5.exd5 Qd8xd5
6.Nb1c3 Bf8b4
7.Bf1d3 Bb4xc3
8.bxc3 Bc8g4
9.O-O Ng8e7
10.Bc1xf4 Qd5a5
11.Qd1e1 O-O
12.Bf4xc7 Qa5h5
13.Ra1b1 Ne7d5
14.Rb1b5 Ra8c8
15.Bc7d6 Rf8e8
16.Qe1g3 a6
17.Rb5xd5 Qh5xd5
18.Qg3xg4 Qd5xd6
19.Nf3g5 Nc6d8
20.Bd3xh7 Kf8
21.Qg4xc8 Qd6e7
22.Qc8f5 Qe7e3
23.Kh1 f6
24.Bh7g6 Nd8e6
25.Ng5e4 Re8e7
26.Ne4xf6 Ne6xd4
27.Nf6h7 Kg8
28.Qf5f8 
1-0

[Event "Match"]
[Site "www.echecsemail.com"]
[Date "2018.07.04"]
[Round "1"]
[White "Fangshuo"]
[Black "Grischuk2789"]
[WhiteElo "2130"]
[BlackElo "1809"]
[Result "0-1"]
[Round "1"]
1.e4 e5
2.Ng1f3 Ng8f6
3.Nf3xe5 d6
4.Ne5f3 Nf6xe4
5.d4 Bf8e7
6.Bf1d3 d5
7.O-O O-O
8.Rf1e1 Ne4f6
9.Nb1c3 Rf8e8
10.Bc1g5 Bc8e6
11.Nf3e5 Nb8d7
12.f4 h6
13.Bg5xf6 Nd7xf6
14.f5 Be6d7
15.Qd1f3 c6
16.Nc3e2 Be7d6
17.Ne2g3 Qd8b6
18.Ne5xd7 Re8xe1
19.Ra1xe1 Nf6xd7
20.f6 Qb6xd4
21.Kh1 Qd4xf6
22.Ng3f5 Nd7e5
23.Qf3e2 Ra8e8
24.Re1f1 Bd6f8
25.g4 Qf6g5
26.h3 g6
27.Kg2 gxf5
28.Rf1xf5 Qg5e7
29.Qe2d2 Ne5xd3
30.Qd2xd3 Qe7e2
{ resign }
0-1

[Event "Match"]
[Site "www.echecsemail.com"]
[Date "2018.07.04"]
[Round "1"]
[White "Eeze"]
[Black "Usmehs"]
[WhiteElo "1499"]
[BlackElo "1799"]
[Result "0-1"]
[Round "1"]
1.e4 c5
2.c3 Qd8a5
3.Ng1f3 d6
4.Bf1c4 Nb8c6
5.O-O Ng8f6
6.Rf1e1 Bc8g4
7.h3 Bg4h5
8.Bc4e2 Nf6xe4
9.d3 Ne4f6
10.Nb1d2 e6
11.Qd1b3 Ra8b8
12.Nd2c4 Qa5c7
13.Bc1f4 Bf8e7
14.Bf4h2 O-O
15.Qb3d1 b5
16.Nc4d2 b4
17.Nf3h4 Bh5xe2
18.Re1xe2 bxc3
19.bxc3 Nf6d5
20.Nd2e4 f5
21.Ne4xc5 Nd5xc3
22.Nc5xe6 Nc3xd1
23.Ne6xc7 Nd1xf2
24.Re2xf2 Be7xh4
25.Rf2f1 Bh4f6
26.Ra1b1 Bf6e5
27.Rb1xb8 Nc6xb8
28.Nc7b5 Rf8f6
29.Nb5xa7 Be5d4
30.Kh1 Bd4xa7
31.g3 Nb8c6
32.a3 Nc6e5
33.Bh2g1 Ba7xg1
34.Kxg1 Ne5xd3
35.a4 g6
36.Kg2 Nd3e5
37.Rf1d1 Ne5c6
38.Rd1d5 Kf7
39.h4 Ke6
40.Rd5d1 d5
41.Kf3 Rf6f7
42.Rd1e1 Kd6
43.Re1b1 Rf7a7
44.Rb1a1 d4
45.Kf4 Ke6
46.Ra1a3 Ra7a5
47.g4 fxg4
48.Kxg4 d3
49.Ra3xd3 Nc6e5
50.Kg5 Ne5xd3
51.Kh6 Kf7
52.Kxh7 Nd3f4
53.Kh6 Kg8
54.h5 Kf7
55.hxg6 Nf4xg6
56.Kh7 Ng6f4
57.Kh6 Ra5h5

0-1

[Event "1/64 Finale"]
[Site "www.chess-mail.com"]
[Date "2018.07.04"]
[Round "1"]
[White "Llord"]
[Black "Alessiov"]
[WhiteElo "1910"]
[BlackElo "1569"]
[Result "0-1"]
[Round "1"]
1.e4 e5
2.Ng1f3 Nb8c6
3.Bf1c4 Bf8c5
4.Nb1c3 Ng8f6
5.O-O d6
6.d3 O-O
7.Bc1g5 h6
8.Bg5h4 Bc8g4
9.h3 Bg4xf3
10.Qd1xf3 g5
11.Bh4g3 Nc6a5
12.Nc3d5 Nf6xd5
13.Bc4xd5 c6
14.Bd5b3 Kg7
15.c4 Na5xb3
16.axb3 Ra8b8
17.Ra1a4 Bc5d4
18.Rf1b1 Qd8c7
19.b4 b5
20.cxb5 Rb8xb5
21.Qf3d1 Rf8b8
22.Rb1a1 Rb5xb4
23.Kh1 Rb4xa4
24.Ra1xa4 Rb8xb2
25.f3 Qc7b6
26.Kh2 Rb2b1
27.Qd1e2 Bd4g1
28.Kh1 Bg1h2
{ resign }
0-1

[Event "Fast Game"]
[Site "www.echecsemail.com"]
[Date "2018.07.04"]
[Round "1"]
[White "Fegatux"]
[Black "Dougbeer"]
[WhiteElo "2060"]
[BlackElo "1929"]
[Result "0-1"]
[Round "1"]
1.e4 e6
2.d4 d5
3.Nb1d2 Ng8f6
4.e5 Nf6d7
5.Bf1d3 c5
6.c3 Nb8c6
7.Ng1f3 Bf8e7
8.O-O g5
9.h3 h5
10.Rf1e1 g4
11.hxg4 hxg4
12.Nf3h2 g3
13.fxg3 cxd4
14.cxd4 Nc6xd4
15.Nd2f3 Nd4c6
16.Bc1f4 Qd8b6
17.Kh1 Qb6xb2
 { time }
0-1

[Event "Tourn. n9845"]
[Site "www.echecsemail.com"]
[Date "2018.07.05"]
[Round "1"]
[White "Tonino1"]
[Black "Rons"]
[WhiteElo "2230"]
[BlackElo "2650"]
[Result "0-1"]
[Round "1"]
1.d4 Ng8f6
2.f4 d5
3.e3 c5
4.c3 Bc8g4
5.Ng1f3 e6
6.Bf1d3 Bf8d6
7.O-O O-O
8.h3 Bg4f5
9.Bd3xf5 exf5
10.Nf3e5 Nb8c6
11.Nb1d2 Qd8b6
12.Qd1b3 Qb6c7
13.Rf1f3 Rf8e8
14.Nd2f1 Nc6e7
15.Nf1h2 c4
16.Qb3c2 b5
17.g4 Nf6e4
18.gxf5 Ne7xf5
19.Nh2g4 f6
20.Ne5xc4 Qc7xc4
21.Rf3f1 b4
22.Bc1d2 Qc4e2
23.Ra1d1 Nf5h4
 { time }
0-1

[Event "Match"]
[Site "www.echecsemail.com"]
[Date "2018.07.05"]
[Round "1"]
[White "Passaroa25"]
[Black "Usmehs"]
[WhiteElo "1550"]
[BlackElo "1499"]
[Result "0-1"]
[Round "1"]
1.Nb1c3 c5
2.e4 d6
3.Ng1e2 g6
4.Nc3d5 Bf8g7
5.c3 Nb8d7
6.d3 Ng8f6
7.f3 Nd7e5
8.Ne2g3 Bc8e6
9.c4 a6
10.Bf1e2 h6
11.Qd1a4 Ne5c6
12.Bc1e3 Be6d7
13.Nd5c3 Nc6d4
14.Qa4d1 Qd8a5
15.O-O Nd4xe2
16.Qd1xe2 Ra8c8
17.Nc3d5 e6
18.Nd5f4 b5
19.b3 Qa5c7
20.Ng3h1 a5
21.Be3d2 Bd7c6
22.Bd2e3 O-O
23.Nh1f2 a4
24.g4 d5
25.Be3xc5 Qc7xf4
26.Nf2h3 Qf4c7
27.Bc5f2 axb3
28.axb3 dxc4
29.b4 cxd3
30.Qe2xd3 Rf8d8
31.Qd3b3 Rc8a8
32.Bf2g3 Qc7e7
33.Qb3c3 Ra8xa1
34.Rf1xa1 Rd8c8
35.Nh3f2 Nf6xe4
36.Bg3d6 Bg7xc3
37.Bd6xe7 Bc3xa1
38.Nf2xe4 Ba1d4
39.Kg2 Bc6xe4
40.fxe4 Bd4c3
41.Kf3 Rc8c4
42.h4 Bc3xb4
43.Be7xb4 Rc4xb4
44.Kf4 f5
45.g5 Rb4xe4
{ resign }
0-1